[Event "Bundesliga 2024-25"]
[Site "Hamburg GER"]
[Date "2024.10.05"]
[Round "1.3"]
[Board "2"]
[White "Svane, Rasmus"]
[Black "Lodici, Lorenzo"]
[Result "1-0"]
[WhiteTitle "GM"]
[BlackTitle "GM"]
[WhiteElo "2629"]
[BlackElo "2556"]
[WhiteTeam "Hamburger SK"]
[BlackTeam "SC Heimbach-Weis-Neuwied"]
[WhiteFideId "4657101"]
[BlackFideId "884189"]
[EventDate "2024.10.05"]
[EventType "team"]

1. d4 Nf6 2. c4 e6 3. Nf3 b6 4. g3 Bb7 5. Bg2 Be7 6. O-O O-O 7. Re1 a5 8. Nc3
Ne4 9. Qc2 Nxc3 10. bxc3 Ra7 11. h4 d6 12. Ng5 Bxg5 13. hxg5 Nd7 14. Bxb7 Rxb7
15. Kg2 c5 16. Qe4 Ra7 17. Rh1 Qa8 18. d5 h6 19. gxh6 exd5 20. cxd5 Nf6 21. Qf3
Qxd5 22. Qxd5 Nxd5 23. hxg7 Rfa8 24. Rh6 b5 25. Rxd6 Nxc3 26. Bb2 b4 27. Bxc3
bxc3 28. Rd3 c4 29. Rxc3 Rc7 30. Rac1 Rac8 31. e4 f6 32. Kf3 Kxg7 33. Ke3 Kg6
34. Rb1 Rc5 35. Kd4 Re5 36. f3 Rh5 37. Rxc4 Rd8+ 38. Ke3 Rh2 39. a4 Ra2 40. Rb3
Rd1 41. Kf4 Rf1 42. Rc7 Rxa4 43. Rbb7 f5 44. Rb6+ Kh5 45. Rh7# 1-0

[Event "Bundesliga 2024-25"]
[Site "Hamburg GER"]
[Date "2024.10.05"]
[Round "1.3"]
[Board "3"]
[White "Krejci, Jan2"]
[Black "Huschenbeth, Niclas"]
[Result "0-1"]
[WhiteTitle "GM"]
[BlackTitle "GM"]
[WhiteElo "2556"]
[BlackElo "2600"]
[WhiteTeam "SC Heimbach-Weis-Neuwied"]
[BlackTeam "Hamburger SK"]
[WhiteFideId "322156"]
[BlackFideId "24604747"]
[EventDate "2024.10.05"]
[EventType "team"]

1. d4 d5 2. Nf3 Nf6 3. c4 dxc4 4. e3 e6 5. Bxc4 c5 6. O-O a6 7. a4 cxd4 8. exd4
Nc6 9. Nc3 Be7 10. Re1 O-O 11. Bg5 h6 12. Bh4 Bd7 13. Bb3 Rc8 14. Qe2 Re8 15.
Rad1 Nd5 16. Bxd5 Bxh4 17. Be4 Bf6 18. Bb1 g6 19. Ne5 Bg7 20. Qg4 Nxe5 21. dxe5
Qe7 22. h4 h5 23. Qf4 Rc5 24. Qd4 Rc7 25. g3 Bc6 26. Be4 Rd7 27. Qe3 Rxd1 28.
Rxd1 Bxe4 29. Qxe4 Qc7 30. Rd6 Bf8 31. Rd2 Bg7 32. f4 Bf8 33. Kh2 Be7 34. Kh3
Kg7 35. Rd1 b6 36. Qd3 Rd8 37. Qxa6 Rxd1 38. Nxd1 Qc2 39. Qf1 Bc5 40. Qf3 Qxa4
41. Qd3 Qb4 42. Qe2 Bd4 43. Kg2 Qb3 44. Kh2 b5 45. Qd2 Qd5 46. Qe2 b4 47. Nf2 b3
48. Nd3 Qc4 49. Kg2 Bxb2 0-1

[Event "Bundesliga 2024-25"]
[Site "Hamburg GER"]
[Date "2024.10.05"]
[Round "1.3"]
[Board "4"]
[White "Kempinski, Robert"]
[Black "Zilka, Stepan"]
[Result "1-0"]
[WhiteTitle "GM"]
[BlackTitle "GM"]
[WhiteElo "2566"]
[BlackElo "2574"]
[WhiteTeam "Hamburger SK"]
[BlackTeam "SC Heimbach-Weis-Neuwied"]
[WhiteFideId "1105663"]
[BlackFideId "315303"]
[EventDate "2024.10.05"]
[EventType "team"]

1. d4 d5 2. Nf3 Nf6 3. c4 e6 4. Nc3 Ne4 5. e3 Nxc3 6. bxc3 Be7 7. Qc2 c5 8. cxd5
exd5 9. Bb5+ Nd7 10. dxc5 a6 11. Bxd7+ Bxd7 12. O-O Qc7 13. e4 O-O 14. exd5 Qxc5
15. Bg5 f6 16. Qb3 fxg5 17. d6+ Rf7 18. dxe7 Re8 19. Rad1 Qxe7 20. Nxg5 Qxg5 21.
Rxd7 Qf5 22. Rxf7 Qxf7 23. Rd1 b5 24. Kf1 Rc8 25. Rd3 Qc4 26. Ke1 Kf8 27. Rf3+
Ke8 28. Re3+ Kd7 29. Kd2 Rc6 30. Rd3+ Kc7 31. Qxc4 Rxc4 32. Kc2 g6 33. Rh3 h6
34. Rxh6 1-0

[Event "Bundesliga 2024-25"]
[Site "Hamburg GER"]
[Date "2024.10.05"]
[Round "1.3"]
[Board "5"]
[White "Ferreira, Jorge Viterbo"]
[Black "Engel, Luis"]
[Result "1/2-1/2"]
[WhiteTitle "GM"]
[BlackTitle "GM"]
[WhiteElo "2535"]
[BlackElo "2555"]
[WhiteTeam "SC Heimbach-Weis-Neuwied"]
[BlackTeam "Hamburger SK"]
[WhiteFideId "1910850"]
[BlackFideId "12961523"]
[EventDate "2024.10.05"]
[EventType "team"]

1. d4 Nf6 2. c4 e6 3. g3 d5 4. Bg2 dxc4 5. Nf3 a6 6. O-O Nc6 7. Nc3 Rb8 8. b3
Bb4 9. Bb2 Na5 10. Ne5 c5 11. dxc5 Qc7 12. Nxc4 Nxc4 13. bxc4 Bxc5 14. Na4 Be7
15. Qd4 Bd7 16. Qe5 Rc8 17. Qxc7 Rxc7 18. Nb6 Bc6 19. Be5 Bxg2 20. Bxc7 Bxf1 21.
Kxf1 Bd8 22. Bxd8 Kxd8 23. Rd1+ Kc7 24. Na4 h5 25. h4 Rg8 26. Nc5 Ng4 27. Ke1 g5
28. hxg5 Rxg5 29. Nb3 Nh6 30. Rd4 b6 31. Rf4 Rf5 32. Rxf5 Nxf5 33. Kd2 Kd6 34.
Kd3 Nh6 35. Nd2 f5 36. f3 e5 37. e3 Nf7 38. f4 a5 39. a3 Kc5 40. Nb3+ Kc6 41.
fxe5 Nxe5+ 42. Kc3 Ng4 43. Nd4+ Kc5 44. Nxf5 Nf2 45. a4 Ne4+ 46. Kd3 Nf2+ 47.
Kc3 Ne4+ 48. Kd3 Nf2+ 1/2-1/2

[Event "Bundesliga 2024-25"]
[Site "Hamburg GER"]
[Date "2024.10.05"]
[Round "1.3"]
[Board "6"]
[White "Papp, Gabor1"]
[Black "Kraus, Tomas"]
[Result "1/2-1/2"]
[WhiteTitle "GM"]
[BlackTitle "GM"]
[WhiteElo "2550"]
[BlackElo "2461"]
[WhiteTeam "Hamburger SK"]
[BlackTeam "SC Heimbach-Weis-Neuwied"]
[WhiteFideId "718602"]
[BlackFideId "331708"]
[EventDate "2024.10.05"]
[EventType "team"]

1. e4 c5 2. Nf3 Nc6 3. Bb5 e5 4. O-O Nge7 5. c3 g6 6. d4 cxd4 7. cxd4 exd4 8.
Nxd4 Bg7 9. Be3 O-O 10. Nc3 d5 11. exd5 Nb4 12. Bg5 h6 13. Bxe7 Qxe7 14. Nde2
Rd8 15. Bc4 Bg4 16. Qb3 Bxe2 17. Nxe2 b5 18. d6 Rxd6 19. Bxf7+ Qxf7 20. Qxb4
Rad8 21. Nc3 a6 1/2-1/2

[Event "Bundesliga 2024-25"]
[Site "Hamburg GER"]
[Date "2024.10.05"]
[Round "1.3"]
[Board "7"]
[White "Winterberg, Lukas"]
[Black "Costa, Leonardo"]
[Result "0-1"]
[WhiteTitle "IM"]
[BlackTitle "IM"]
[WhiteElo "2414"]
[BlackElo "2472"]
[WhiteTeam "SC Heimbach-Weis-Neuwied"]
[BlackTeam "Hamburger SK"]
[WhiteFideId "24622702"]
[BlackFideId "16213955"]
[EventDate "2024.10.05"]
[EventType "team"]

1. d4 Nf6 2. Nf3 d5 3. c4 e6 4. Nc3 c6 5. e3 Nbd7 6. Qc2 b6 7. Bd3 Bb7 8. O-O
dxc4 9. Bxc4 c5 10. Qe2 a6 11. Rd1 b5 12. Bb3 c4 13. Bc2 b4 14. Nb1 Rc8 15. e4
Be7 16. d5 exd5 17. e5 Ne4 18. e6 fxe6 19. Bxe4 dxe4 20. Ne5 Bd5 21. Qh5+ g6 22.
Nxg6 Nf6 23. Qh3 Rg8 24. Nf4 Qd7 25. Be3 c3 26. bxc3 bxc3 27. Re1 Bb4 28. a3 Ba5
29. Rc1 c2 30. Nd2 Bc3 31. Rxc2 Bxa1 32. Rxc8+ Qxc8 33. Nxd5 Nxd5 34. Nxe4 Qd7
35. Nc5 Nf4 36. Qf3 Qd5 37. Ne4 Nxg2 38. Bg5 Rxg5 39. Nxg5 Qxf3 40. Nxf3 Nf4 0-1

[Event "Bundesliga 2024-25"]
[Site "Hamburg GER"]
[Date "2024.10.05"]
[Round "1.3"]
[Board "8"]
[White "Kramer, Julian"]
[Black "Schulz, Klaus-Juergen"]
[Result "1-0"]
[WhiteTitle "IM"]
[BlackTitle "IM"]
[WhiteElo "2494"]
[BlackElo "2348"]
[WhiteTeam "Hamburger SK"]
[BlackTeam "SC Heimbach-Weis-Neuwied"]
[WhiteFideId "12921742"]
[BlackFideId "4600649"]
[EventDate "2024.10.05"]
[EventType "team"]

1. e4 e6 2. d4 d5 3. e5 c5 4. c3 Nc6 5. Nf3 Qb6 6. Bd3 Bd7 7. dxc5 Bxc5 8. O-O
Qc7 9. Re1 Nge7 10. b4 Bb6 11. a4 a6 12. Ba3 Ng6 13. Bxg6 hxg6 14. Nbd2 Rh5 15.
Qe2 Rf5 16. a5 Ba7 17. b5 axb5 18. Bd6 Qd8 19. Nb3 Rf4 20. Qd2 Rc4 21. Nfd4 Nxd4
22. cxd4 Bb8 23. Bb4 Bc6 24. Re3 Ba7 25. Rh3 Kd7 26. Rf3 Qg8 27. h4 Kc8 28. Ra3
Bb8 29. Nc1 Bc7 30. Nb3 Bd8 31. Nc5 Be8 32. Nxe6 Bxh4 33. Bd6 Bd7 34. Nc7 Rxc7
35. Bxc7 Kxc7 36. e6 Bxf2+ 37. Rxf2 Bxe6 38. Qb4 Ra6 39. Qxb5 Rc6 40. a6 bxa6
41. Rxa6 Rc1+ 42. Rf1 Rxf1+ 43. Kxf1 Qh7 44. Qc6+ Kd8 45. Qd6+ Kc8 46. Rc6+ 1-0

[Event "Bundesliga 2024-25"]
[Site "Dresden GER"]
[Date "2024.10.05"]
[Round "1.5"]
[Board "1"]
[White "McShane, Luke J"]
[Black "Nguyen, Thai Dai Van"]
[Result "1/2-1/2"]
[WhiteTitle "GM"]
[BlackTitle "GM"]
[WhiteElo "2611"]
[BlackElo "2647"]
[WhiteTeam "SV Werder Bremen"]
[BlackTeam "USV TU Dresden"]
[WhiteFideId "404853"]
[BlackFideId "358878"]
[EventDate "2024.10.05"]
[EventType "team"]

1. e4 c5 2. Nf3 d6 3. Bb5+ Nd7 4. O-O a6 5. Be2 Ngf6 6. d3 b6 7. c4 Bb7 8. Nc3
e6 9. Nd2 g6 10. a4 Bg7 11. a5 O-O 12. Nb3 Ne5 13. Bf4 Nfd7 14. Qd2 Rb8 15. axb6
Qxb6 16. Ra3 Qc7 17. Be3 Nc6 18. d4 cxd4 19. Nxd4 Nc5 20. Rd1 Rfd8 21. Nxc6 Bxc6
22. b4 Nxe4 23. Nxe4 Bxe4 24. Rxa6 Be5 25. b5 d5 26. Ra7 dxc4 27. Rxc7 Rxd2 28.
Rxd2 Bxc7 29. Bxc4 Rd8 30. Rxd8+ Bxd8 31. b6 Bb7 32. f4 Be7 33. Kf2 Kf8 34. g3
Bd6 35. Ke2 Ke7 36. Kd3 h5 37. Bb5 f6 38. Kc4 Bd5+ 39. Kc3 e5 40. fxe5 Bxe5+ 41.
Kb4 h4 42. gxh4 Bxh2 43. Kc5 Bb7 44. Bc6 Ba6 45. Bf2 Bd6+ 46. Kd4 Kf7 47. Kd5
Bf4 48. b7 Bb8 49. Ke4 Kg7 1/2-1/2

[Event "Bundesliga 2024-25"]
[Site "Dresden GER"]
[Date "2024.10.05"]
[Round "1.5"]
[Board "2"]
[White "Bartel, Mateusz"]
[Black "Areshchenko, Alexander"]
[Result "1-0"]
[WhiteTitle "GM"]
[BlackTitle "GM"]
[WhiteElo "2618"]
[BlackElo "2613"]
[WhiteTeam "USV TU Dresden"]
[BlackTeam "SV Werder Bremen"]
[WhiteFideId "1112635"]
[BlackFideId "14109530"]
[EventDate "2024.10.05"]
[EventType "team"]

1. d4 Nf6 2. Nf3 g6 3. Bf4 Bg7 4. c3 O-O 5. Nbd2 d6 6. e4 Nbd7 7. Be2 b6 8. O-O
Bb7 9. Bd3 e5 10. Bg5 h6 11. Bh4 Qe8 12. Re1 Nh5 13. a4 a6 14. Nf1 f5 15. dxe5
dxe5 16. exf5 gxf5 17. Ne3 e4 18. Bc4+ Kh7 19. Nd4 Bxd4 20. cxd4 Qg6 21. Rc1
Rac8 22. Rc3 c6 23. Bb3 b5 24. Nxf5 Rxf5 25. Rxe4 c5 26. Rg4 Qd6 27. Bc2 Rf8 28.
Re3 Kh8 29. Bxf5 Rxf5 30. Re8+ Kh7 31. Qd3 Qd5 32. Re5 1-0

[Event "Bundesliga 2024-25"]
[Site "Dresden GER"]
[Date "2024.10.05"]
[Round "1.5"]
[Board "3"]
[White "Efimenko, Zahar"]
[Black "Pechac, Jergus"]
[Result "1/2-1/2"]
[WhiteTitle "GM"]
[BlackTitle "GM"]
[WhiteElo "2568"]
[BlackElo "2578"]
[WhiteTeam "SV Werder Bremen"]
[BlackTeam "USV TU Dresden"]
[WhiteFideId "14107201"]
[BlackFideId "14926970"]
[EventDate "2024.10.05"]
[EventType "team"]

1. e4 e5 2. Nf3 Nc6 3. Bb5 Nf6 4. d3 Bc5 5. O-O Nd4 6. Nxd4 Bxd4 7. c3 Bb6 8.
Ba4 c6 9. Na3 Bc7 10. Bc2 d5 11. exd5 cxd5 12. Bg5 h6 13. Bh4 O-O 14. Bb3 g5 15.
Bg3 Re8 16. Nc2 Bg4 17. Qd2 a5 18. Ne3 Be6 19. d4 a4 20. Bc2 a3 21. b3 Ne4 22.
Bxe4 dxe4 23. Rad1 f5 24. Bxe5 Bxe5 25. dxe5 Qxd2 26. Rxd2 Ra5 27. Nc2 Rxe5 28.
c4 f4 29. Re1 Bf5 30. Nxa3 e3 31. fxe3 Rxe3 32. Red1 g4 33. Nc2 Bxc2 34. Rxc2 g3
35. Rf1 Re2 36. Rxe2 Rxe2 37. hxg3 fxg3 38. Rf3 Re1+ 39. Rf1 Re2 40. Rf3 Re1+
41. Rf1 1/2-1/2

[Event "Bundesliga 2024-25"]
[Site "Dresden GER"]
[Date "2024.10.05"]
[Round "1.5"]
[Board "4"]
[White "Vogel, Roven"]
[Black "Cheng, Bobby"]
[Result "1-0"]
[WhiteTitle "GM"]
[BlackTitle "GM"]
[WhiteElo "2559"]
[BlackElo "2588"]
[WhiteTeam "USV TU Dresden"]
[BlackTeam "SV Werder Bremen"]
[WhiteFideId "12908088"]
[BlackFideId "4300033"]
[EventDate "2024.10.05"]
[EventType "team"]

1. c4 e6 2. Nc3 d5 3. d4 Nf6 4. cxd5 exd5 5. Bg5 c6 6. e3 Bf5 7. Qf3 Bg6 8. Bxf6
Qxf6 9. Qxf6 gxf6 10. Nf3 a5 11. Nh4 Bb4 12. Kd2 Nd7 13. Bd3 Nb6 14. Kc2 Kd7 15.
Ne2 a4 16. Bf5+ Kc7 17. Nf4 Nc4 18. g4 Ra5 19. Bd3 Bd6 20. Nhg2 Rg8 21. Nxg6
fxg6 22. h4 h6 23. Nf4 g5 24. hxg5 hxg5 25. Rh7+ Kb6 26. Nh5 Rf8 27. Rd7 Bb8 28.
Rh1 Rh8 29. Rh3 Nd6 30. Rf3 f5 31. Bxf5 c5 32. Rh7 Rxh7 33. Bxh7 cxd4 34. exd4
Ba7 35. Rf6 Kc7 36. Ng7 a3 37. b4 Rb5 38. Kb3 Nc4 39. Ne6+ Kd7 40. Nc5+ Ke7 41.
Re6+ Kf7 42. Bg6+ Kg7 43. Bd3 Kf7 44. Rh6 Rb6 45. Rh7+ Kg8 46. Rd7 Nd2+ 47. Kc3
Nf3 48. Rd8+ 1-0

[Event "Bundesliga 2024-25"]
[Site "Dresden GER"]
[Date "2024.10.05"]
[Round "1.5"]
[Board "5"]
[White "Van Foreest, Lucas"]
[Black "Neef, Maximilian"]
[Result "1/2-1/2"]
[WhiteTitle "GM"]
[BlackTitle "IM"]
[WhiteElo "2522"]
[BlackElo "2465"]
[WhiteTeam "SV Werder Bremen"]
[BlackTeam "USV TU Dresden"]
[WhiteFideId "1039792"]
[BlackFideId "24692085"]
[EventDate "2024.10.05"]
[EventType "team"]

1. d4 Nf6 2. c4 g6 3. Nc3 Bg7 4. e4 d6 5. Nf3 O-O 6. Be2 Nc6 7. O-O Re8 8. d5
Nb4 9. a3 Na6 10. Qc2 e6 11. dxe6 Bxe6 12. Bg5 h6 13. Be3 Bg4 14. h3 Bd7 15. b4
Qe7 16. Bd3 c6 17. Rad1 Nc7 18. Qd2 Kh7 19. Rfe1 Be6 20. e5 dxe5 21. Nxe5 Nh5
22. f4 Qh4 23. Ne4 Bxh3 24. gxh3 Ne6 25. Rf1 f5 26. Qg2 Nexf4 27. Bxf4 Bxe5 28.
Bxe5 Rxe5 29. Nd6 Nf4 30. Rxf4 Qxf4 31. Kh1 Re3 32. Bf1 Rd8 33. c5 Rd7 34. Qd2
Qg3 35. Qg2 Qh4 36. Rd2 Re1 37. Nxf5 Rxf1+ 38. Qxf1 Qe4+ 39. Rg2 gxf5 40. Kh2
Qe5+ 41. Kh1 Qe4 42. Kh2 Re7 43. Rf2 Qe5+ 44. Kh1 Qd5+ 45. Kh2 Re5 46. Qa1 Qe6
47. Rg2 Qe7 48. Qa2 Rd5 49. Qe2 Qe4 50. Qh5 Qe5+ 51. Kh1 Qf6 52. Qe2 Re5 53. Qf2
Re7 54. Qf4 Qe5 55. Qf3 Qe4 56. Qg3 Qe1+ 57. Qxe1 Rxe1+ 58. Kh2 Re3 59. Rd2 Rxa3
60. Rd7+ Kg6 61. Rxb7 a5 62. b5 cxb5 63. Rxb5 Kg5 64. c6 Ra2+ 65. Kg3 Ra3+ 66.
Kg2 Rc3 67. Rxa5 Rxc6 68. Ra4 Rc2+ 69. Kg3 Rc3+ 70. Kg2 Re3 71. Rb4 Re4 72. Rb3
Ra4 73. Kg3 h5 74. Rc3 Rb4 75. Ra3 Rc4 76. Rb3 Rd4 77. Ra3 Re4 78. Rb3 Ra4 79.
Rc3 h4+ 80. Kf3 Ra2 81. Rc8 Ra3+ 82. Kg2 Ra2+ 83. Kf3 Ra3+ 84. Kg2 Re3 85. Rc2
Kf4 86. Rc4+ Re4 87. Rc2 Rd4 88. Rf2+ Ke4 89. Re2+ Kf4 90. Rf2+ Ke5 91. Re2+ Re4
92. Ra2 Re3 93. Ra5+ Kf4 94. Ra4+ Kg5 95. Ra2 Rg3+ 96. Kh2 Rd3 97. Kg2 Kf4 98.
Rf2+ Ke4 99. Re2+ Re3 100. Ra2 Rg3+ 101. Kh2 Rd3 102. Kg2 f4 103. Re2+ Re3 104.
Kf2 Kd4 105. Rd2+ Ke5 106. Rd8 Rxh3 107. Re8+ Kd4 108. Rd8+ Ke4 109. Re8+ Kd3
110. Rd8+ Kc2 111. Rf8 f3 112. Rxf3 Rxf3+ 113. Kxf3 Kb2 114. Kf2 h3 115. Kg1 h2+
116. Kh1 Ka1 117. Kg2 h1=B+ 1/2-1/2

[Event "Bundesliga 2024-25"]
[Site "Dresden GER"]
[Date "2024.10.05"]
[Round "1.5"]
[Board "6"]
[White "Boensch, Uwe"]
[Black "Wachinger, Nikolas"]
[Result "1-0"]
[WhiteTitle "GM"]
[BlackTitle "IM"]
[WhiteElo "2459"]
[BlackElo "2442"]
[WhiteTeam "USV TU Dresden"]
[BlackTeam "SV Werder Bremen"]
[WhiteFideId "4611268"]
[BlackFideId "12962791"]
[EventDate "2024.10.05"]
[EventType "team"]

1. d4 Nf6 2. c4 e6 3. Nf3 b6 4. a3 Bb7 5. Nc3 d5 6. Bg5 Be7 7. Qa4+ Qd7 8. Qc2
dxc4 9. Rd1 Bxf3 10. gxf3 Nc6 11. e3 Na5 12. e4 b5 13. Bh3 Qc6 14. d5 exd5 15.
exd5 Qb7 16. O-O O-O 17. Rfe1 Rfe8 18. Rxe7 Rxe7 19. Bxf6 gxf6 20. Kh1 Re5 21.
Ne4 Qb6 22. d6 cxd6 23. Nxf6+ Kg7 24. Nd7 Qc6 25. Qc3 Kh8 26. Nxe5 dxe5 27.
Qxe5+ f6 28. Qf4 Nb7 29. Bd7 Qb6 30. Bf5 Rd8 31. Rg1 Rg8 32. Qh6 Rxg1+ 33. Kxg1 1-0

[Event "Bundesliga 2024-25"]
[Site "Dresden GER"]
[Date "2024.10.05"]
[Round "1.5"]
[Board "7"]
[White "Grigorian, Spartak"]
[Black "Tischbierek, Raj"]
[Result "1/2-1/2"]
[WhiteTitle "IM"]
[BlackTitle "GM"]
[WhiteElo "2433"]
[BlackElo "2432"]
[WhiteTeam "SV Werder Bremen"]
[BlackTeam "USV TU Dresden"]
[WhiteFideId "24661490"]
[BlackFideId "4611322"]
[EventDate "2024.10.05"]
[EventType "team"]

1. d4 d5 2. c4 c6 3. Nf3 Nf6 4. Nc3 dxc4 5. a4 Bf5 6. Ne5 Nbd7 7. Nxc4 Nb6 8.
Ne5 a5 9. f3 Nfd7 10. Nxd7 Nxd7 11. e4 Bg6 12. Be3 e6 13. Bc4 Bb4 14. Qe2 O-O
15. O-O Qe7 16. Rfd1 Rad8 17. Kh1 Kh8 18. Bf2 Rfe8 19. Na2 Bd6 20. Rab1 Ra8 21.
Rbc1 h6 22. Rc3 Bc7 23. Nc1 f5 24. e5 f4 25. Bd3 Bxd3 26. Nxd3 Rf8 27. Rb3 Rab8
28. Qe4 Qg5 29. Rc1 Qf5 30. Qxf5 Rxf5 31. Be1 Bb6 32. Bc3 Rff8 33. Kg1 g5 34.
Kf1 Kg8 35. Rd1 Rfd8 36. Ke2 Bc7 37. Rc1 Kf7 38. Be1 Nf8 39. Bf2 Nd7 40. Be1 Nf8
41. Rc4 Rd5 42. Nf2 Nd7 43. Ne4 Nb6 44. Rc2 Nxa4 45. Bf2 Nb6 46. Nc5 Ke7 47. g3
fxg3 48. hxg3 Rdd8 49. Be1 Rxd4 50. Bxa5 Nd5 51. Bxc7 Nxc7 52. Rxb7 Rxb7 53.
Nxb7 Rd5 1/2-1/2

[Event "Bundesliga 2024-25"]
[Site "Dresden GER"]
[Date "2024.10.05"]
[Round "1.5"]
[Board "8"]
[White "Hoffmann, Paul"]
[Black "Colbow, Collin"]
[Result "1/2-1/2"]
[WhiteTitle "IM"]
[BlackTitle "IM"]
[WhiteElo "2373"]
[BlackElo "2441"]
[WhiteTeam "USV TU Dresden"]
[BlackTeam "SV Werder Bremen"]
[WhiteFideId "4664450"]
[BlackFideId "16201132"]
[EventDate "2024.10.05"]
[EventType "team"]

1. e4 c5 2. Nf3 e6 3. Nc3 Nc6 4. g3 Nf6 5. Bg2 Be7 6. O-O d6 7. d4 cxd4 8. Nxd4
O-O 9. Nxc6 bxc6 10. e5 dxe5 11. Qxd8 Rxd8 12. Bxc6 Rb8 13. Rd1 Ba6 14. Rxd8+
Bxd8 15. a4 Rc8 16. Bf3 Ba5 17. Nb5 Rxc2 18. Bd1 Rc4 19. b3 Re4 20. Be3 Bb6 21.
Bc2 Rxe3 22. fxe3 Bxe3+ 23. Kf1 Bd4 24. Rc1 e4 25. Ke1 Bxb5 26. axb5 g6 27. Kf1
Kg7 28. b4 g5 29. Bb3 Bb6 30. Rc4 h6 31. h3 e3 32. Ke2 Nd5 33. Kf3 Kf6 34. Bc2
Nc7 35. Ba4 Ne8 36. Rc6 Ke5 37. Rc5+ Kf6 38. Kxe3 Ke7 39. Kd3 Bxc5 40. bxc5 Ng7
41. g4 h5 42. Bd1 hxg4 43. hxg4 Ne8 44. b6 axb6 45. cxb6 Kd6 46. Bf3 Nf6 47. b7
Nd7 48. Kd4 Kc7 49. Be4 f6 50. Bg2 Ne5 51. Kc5 Nxg4 52. b8=Q+ Kxb8 53. Kd6 e5
54. Ke6 Kc7 55. Ba8 Ne3 56. Kxf6 Kd6 57. Kxg5 Kc5 58. Bf3 Kd4 59. Kf6 Nc2 60.
Kf5 Ne1 61. Be4 Nd3 62. Bxd3 Kxd3 63. Kxe5 1/2-1/2

[Event "Bundesliga 2024-25"]
[Site "Dresden GER"]
[Date "2024.10.05"]
[Round "1.6"]
[Board "1"]
[White "Socko, Bartosz"]
[Black "Kazakouski, Valery"]
[Result "0-1"]
[WhiteTitle "GM"]
[BlackTitle "GM"]
[WhiteElo "2551"]
[BlackElo "2577"]
[WhiteTeam "FC St. Pauli"]
[BlackTeam "SF Bad Mergentheim"]
[WhiteFideId "1107038"]
[BlackFideId "13507443"]
[EventDate "2024.10.05"]
[EventType "team"]

1. d4 d5 2. c4 c6 3. Nf3 Nf6 4. e3 Bf5 5. Nc3 e6 6. Nh4 Bg6 7. Nxg6 hxg6 8. Qb3
Qc7 9. g3 Be7 10. Bg2 Nbd7 11. Bd2 Nb6 12. cxd5 exd5 13. O-O Rd8 14. Rfd1 Qd7
15. Qc2 Qg4 16. Be1 g5 17. h3 Qe6 18. g4 O-O 19. Rd3 Rfe8 20. Rad1 Bd6 21. f3 c5
22. dxc5 Bxc5 23. Bf2 Rc8 24. Qb3 Qe5 25. R1d2 Re6 26. Na4 Nxa4 27. Qxa4 Bb6 28.
f4 gxf4 29. Qxf4 Rc1+ 30. Kh2 Qxf4+ 31. exf4 Ne4 32. Bxb6 Nxd2 33. Rxd2 Rxb6 34.
Bxd5 g6 35. Bb3 Rc7 36. Kg3 Rb4 37. g5 Kg7 38. h4 a5 39. Bd1 Rcc4 40. Rf2 Rd4
41. Bg4 Rd3+ 42. Bf3 Rbd4 43. Re2 b6 44. Re5 Rb4 45. b3 a4 46. bxa4 Rxa4 47. Re2
Rda3 48. Rb2 Ra6 49. Kg4 Rxa2 50. Rb3 Ra1 51. Bg2 R6a2 52. Bc6 Ra3 53. Rb2 Rc1
54. Bg2 Rg1 55. h5 gxh5+ 56. Kh4 Ra4 57. Rf2 Kg6 58. Kg3 Rd1 59. Bf1 Rdd4 60.
Rf3 f6 61. Bd3+ Kg7 62. Bc2 Rac4 63. Bb3 Rb4 64. gxf6+ Kxf6 65. Bc2 Rbc4 66. Bb3
Rc6 67. Re3 b5 68. Bg8 b4 69. Kh4 Rxf4+ 0-1

[Event "Bundesliga 2024-25"]
[Site "Dresden GER"]
[Date "2024.10.05"]
[Round "1.6"]
[Board "2"]
[White "Rakotomaharo, Fy Antenaina"]
[Black "Janik, Igor"]
[Result "0-1"]
[WhiteTitle "IM"]
[BlackTitle "GM"]
[WhiteElo "2440"]
[BlackElo "2501"]
[WhiteTeam "SF Bad Mergentheim"]
[BlackTeam "FC St. Pauli"]
[WhiteFideId "13100050"]
[BlackFideId "1159259"]
[EventDate "2024.10.05"]
[EventType "team"]

1. e4 c6 2. d4 d5 3. e5 Bf5 4. h4 h5 5. c4 e6 6. Nc3 dxc4 7. Bxc4 Nd7 8. Nge2
Be7 9. Ng3 Bg6 10. Be2 Qb6 11. Bxh5 Bxh5 12. Nxh5 O-O-O 13. Qg4 Nh6 14. Bxh6
Qxb2 15. O-O Rxh6 16. Rfc1 g6 17. Rab1 Qd2 18. Ne4 Qd3 19. Nhf6 Nxf6 20. exf6
Bf8 21. Rd1 Qa3 22. d5 Rxd5 23. Ng5 Rh5 24. Qe4 Bc5 25. Nxf7 Qg3 26. Qxe6+ Kc7
27. Qe7+ Bxe7 28. fxg3 Bxf6 29. Rf1 Rhf5 30. Nh6 Rxf1+ 31. Rxf1 Bg7 32. Nf7 b5
33. Ng5 Be5 34. Ne6+ Kb6 35. Nf4 Rd6 36. Re1 Bc3 37. Re4 a5 38. g4 b4 39. Ne2
Bd2 40. Kf2 c5 41. Re8 Rf6+ 42. Kg3 a4 43. h5 gxh5 44. gxh5 Kb5 45. Rd8 Bh6 46.
Kh4 Rf2 47. Ng3 Rxg2 48. Rb8+ Kc4 49. Nf5 Bg5+ 50. Kh3 Rxa2 51. h6 Bxh6 52. Nxh6
a3 53. Nf5 Rd2 0-1

[Event "Bundesliga 2024-25"]
[Site "Dresden GER"]
[Date "2024.10.05"]
[Round "1.6"]
[Board "3"]
[White "Feuerstack, Aljoscha"]
[Black "Razafindratsima, Timothe"]
[Result "1/2-1/2"]
[WhiteTitle "IM"]
[BlackTitle "IM"]
[WhiteElo "2466"]
[BlackElo "2450"]
[WhiteTeam "FC St. Pauli"]
[BlackTeam "SF Bad Mergentheim"]
[WhiteFideId "4681932"]
[BlackFideId "36069884"]
[EventDate "2024.10.05"]
[EventType "team"]

1. e4 c5 2. Nf3 d6 3. d4 cxd4 4. Nxd4 Nf6 5. Nc3 a6 6. a4 e5 7. Nf3 Be7 8. Bg5
Be6 9. Bxf6 Bxf6 10. Nd5 Nd7 11. Bc4 Rc8 12. b3 g6 13. O-O O-O 14. Qd2 Bg7 15.
Rfd1 Nc5 16. Qe3 a5 17. Nd2 Nd7 18. Qd3 Rc5 19. Nf1 f5 20. Nfe3 fxe4 21. Qxe4
Rc6 22. Nc3 Qf6 23. Bxe6+ Qxe6 24. Qd5 Qxd5 25. Ncxd5 Kf7 26. b4 Ke6 27. bxa5
Ra8 28. Rab1 Nc5 29. Rb5 Bh6 30. Nb4 Bxe3 31. fxe3 Rc7 32. Nd5 Rf7 33. Nc3 Rc7
34. Rb6 Rc6 35. Nb5 Ra6 36. Rxa6 bxa6 37. Nd4+ exd4 38. exd4 Ke7 39. dxc5 Rxc5
40. Re1+ Kf7 41. Rb1 Rxa5 42. Rb4 1/2-1/2